<?xml version="1.0" encoding="UTF-8"?>
<record
    xmlns:xsi="http://www.w3.org/2001/XMLSchema-instance"
    xsi:schemaLocation="http://www.loc.gov/MARC21/slim http://www.loc.gov/standards/marcxml/schema/MARC21slim.xsd"
    xmlns="http://www.loc.gov/MARC21/slim">

  <leader>02208nam a2200325   4500</leader>
  <controlfield tag="001">448</controlfield>
  <controlfield tag="003">OSt</controlfield>
  <controlfield tag="005">20250701145021.0</controlfield>
  <controlfield tag="008">250701b        |||||||g |||| 00| j eng d</controlfield>
  <datafield tag="020" ind1=" " ind2=" ">
    <subfield code="a">8532512054</subfield>
  </datafield>
  <datafield tag="040" ind1=" " ind2=" ">
    <subfield code="b">por</subfield>
  </datafield>
  <datafield tag="041" ind1=" " ind2=" ">
    <subfield code="h">eng</subfield>
    <subfield code="a">por</subfield>
  </datafield>
  <datafield tag="082" ind1=" " ind2=" ">
    <subfield code="a">028.5</subfield>
    <subfield code="b">A649e</subfield>
  </datafield>
  <datafield tag="100" ind1="1" ind2=" ">
    <subfield code="a">Applegate, Katherine.</subfield>
    <subfield code="d">1956 -</subfield>
  </datafield>
  <datafield tag="240" ind1=" " ind2=" ">
    <subfield code="a">Animorphs: the encounter</subfield>
  </datafield>
  <datafield tag="245" ind1=" " ind2=" ">
    <subfield code="a">Animorphs:</subfield>
    <subfield code="b">O encontro /</subfield>
    <subfield code="c">Applegate, Katherine; Tradu&#xE7;&#xE3;o de Cristina Band</subfield>
  </datafield>
  <datafield tag="260" ind1=" " ind2=" ">
    <subfield code="a">Rio de Janeiro</subfield>
    <subfield code="b">Rocco</subfield>
    <subfield code="c">2000</subfield>
  </datafield>
  <datafield tag="300" ind1=" " ind2=" ">
    <subfield code="a">128 p.</subfield>
  </datafield>
  <datafield tag="520" ind1=" " ind2=" ">
    <subfield code="a">udo come&#xE7;ou em um terreno abandonado. Foi no dia em que uma turma de amigos encontrou a nave espacial de um extraterrestre que tinha como miss&#xE3;o impedir a invas&#xE3;o dos terr&#xED;veis Yeerks. O pr&#xED;ncipe Andalita, que chefiava a miss&#xE3;o em defesa da Terra, travou uma batalha mortal para mandar a nave-m&#xE3;e dos Yeerks embora. N&#xE3;o conseguiu. Agora os invasores est&#xE3;o na Terra tentando escravizar a ra&#xE7;a humana. Ferido mortalmente, o Andalita concedeu a Jake, Marco, Cassie, Rachel e Tobias o poder de se transformarem em animais, pois s&#xF3; os Animorphs poderiam combater os Yeerks. Agora restava a este grupo de amigos identificar seus inimigos. Pouco a pouco eles tentam eliminar os locais em que os invasores mais poderosos se re&#xFA;nem. Come&#xE7;am com o ataque &#xE0; piscina de alimenta&#xE7;&#xE3;o dos yeerks. Invadem a casa de Chapman, um dos controladores-chave, e quase perdem Rachel. No in&#xED;cio tudo parecia estar correndo bem. De repente, o tempo come&#xE7;ou a se esgotar. Eles perceberam que o tanque j&#xE1; estava cheio e ningu&#xE9;m conseguia abri-lo. A nave-m&#xE3;e poderia partir a qualquer momento, mas ningu&#xE9;m tinha como escapar. O mais perigoso dos Yeerks, Visser Tr&#xEA;s, sequer admitia a possibilidade de perder e seria capaz de qualquer atrocidade para reduzir a p&#xF3; os defensores do pr&#xED;ncipe andalita.</subfield>
  </datafield>
  <datafield tag="650" ind1=" " ind2="0">
    <subfield code="a">Literatura Americana</subfield>
    <subfield code="9">84</subfield>
  </datafield>
  <datafield tag="650" ind1=" " ind2="0">
    <subfield code="a">Invas&#xE3;o alien&#xED;gena</subfield>
    <subfield code="9">986</subfield>
  </datafield>
  <datafield tag="650" ind1=" " ind2="0">
    <subfield code="a">Adolescentes como her&#xF3;is</subfield>
    <subfield code="9">987</subfield>
  </datafield>
  <datafield tag="650" ind1=" " ind2="0">
    <subfield code="a">Infantojuvenil</subfield>
    <subfield code="9">200</subfield>
  </datafield>
  <datafield tag="650" ind1=" " ind2="0">
    <subfield code="a">Transforma&#xE7;&#xE3;o em animais</subfield>
    <subfield code="9">988</subfield>
  </datafield>
  <datafield tag="655" ind1=" " ind2="0">
    <subfield code="a">Romance</subfield>
    <subfield code="9">23</subfield>
  </datafield>
  <datafield tag="655" ind1=" " ind2="0">
    <subfield code="a">Fic&#xE7;&#xE3;o </subfield>
    <subfield code="9">22</subfield>
  </datafield>
  <datafield tag="700" ind1=" " ind2=" ">
    <subfield code="a">Cristina Band</subfield>
    <subfield code="e">TRADUTOR</subfield>
    <subfield code="9">984</subfield>
  </datafield>
  <datafield tag="830" ind1=" " ind2=" ">
    <subfield code="a">Animorphs </subfield>
    <subfield code="9">985</subfield>
    <subfield code="v">vol. 02</subfield>
  </datafield>
  <datafield tag="942" ind1=" " ind2=" ">
    <subfield code="2">ddc</subfield>
    <subfield code="n">0</subfield>
    <subfield code="c">BK</subfield>
  </datafield>
  <datafield tag="952" ind1=" " ind2=" ">
    <subfield code="0">0</subfield>
    <subfield code="1">0</subfield>
    <subfield code="2">ddc</subfield>
    <subfield code="3">vol. 3</subfield>
    <subfield code="4">0</subfield>
    <subfield code="7">0</subfield>
    <subfield code="8">FIC</subfield>
    <subfield code="a">BIBIB</subfield>
    <subfield code="b">BIBIB</subfield>
    <subfield code="c">IJ</subfield>
    <subfield code="d">2025-07-01</subfield>
    <subfield code="e">doa&#xE7;&#xE3;o</subfield>
    <subfield code="l">0</subfield>
    <subfield code="o">IJ 028.5 / A649e</subfield>
    <subfield code="p">2025-17379</subfield>
    <subfield code="r">2025-07-01 09:51:45</subfield>
    <subfield code="w">2025-07-01</subfield>
    <subfield code="y">BK</subfield>
  </datafield>
  <datafield tag="999" ind1=" " ind2=" ">
    <subfield code="c">448</subfield>
    <subfield code="d">448</subfield>
  </datafield>
</record>
